[Event "GER-chT U14"]
[Site "Verden an der Aller"]
[Date "2017.12.29"]
[Round "6.3"]
[White "Goldbeck, Kilian"]
[Black "Hiller, Klemens"]
[Result "0-1"]
[WhiteElo "1292"]
[BlackElo "1174"]
[PlyCount "44"]
[EventDate "2017.12.26"]
[EventType "team-swiss"]
[EventRounds "7"]
[EventCountry "GER"]
[SourceTitle "CBM 182 Extra"]
[Source "ChessBase"]
[SourceDate "2018.02.23"]
[SourceVersion "1"]
[SourceVersionDate "2018.02.23"]
[SourceQuality "1"]
[WhiteTeam "Aurich"]
[BlackTeam "Dresden Striesen"]
[WhiteTeamCountry "GER"]
[BlackTeamCountry "GER"]

1. e4 e6 2. d4 d5 3. Nd2 c5 4. Ngf3 Nc6 5. c3 dxe4 6. Nxe4 cxd4 7. cxd4 g6 8. Bg5 Be7 9. Bd3 Bxg5 10. Nexg5 h6 11. Ne4 Nf6 12. Nxf6+ Qxf6 13. 0-0 0-0 14. Bc2 Rd8 15. Qd2 Nxd4 16. Nxd4 Rxd4 17. Qxh6 Rh4 18. Qd2 b6 19. Rad1 Bb7 20. Bb3 Bxg2 21. Rfe1 Rg4 22. Rc1 Bh3+ 0-1

[Event "GER-chT U10"]
[Site "Magdeburg"]
[Date "2014.12.29"]
[Round "6.1"]
[White "Hiller, Klemens"]
[Black "Prieb, Robert"]
[Result "0-1"]
[WhiteElo "1165"]
[BlackElo "1396"]
[PlyCount "80"]
[EventDate "2014.12.27"]
[EventType "team-swiss"]
[EventRounds "7"]
[EventCountry "GER"]
[SourceTitle "EXT 2016"]
[Source "ChessBase"]
[SourceDate "2015.10.08"]
[SourceVersion "1"]
[SourceVersionDate "2015.10.08"]
[SourceQuality "1"]
[WhiteTeam "Dresden Leuben"]
[BlackTeam "Paderborn"]
[WhiteTeamCountry "GER"]
[BlackTeamCountry "GER"]

1. d4 Nf6 2. Nf3 g6 3. e3 Bg7 4. Bd3 0-0 5. 0-0 d5 6. Nc3 c5 7. dxc5 Qa5 8. Nd4 Qxc5 9. Nb3 Qc7 10. Be2 Rd8 11. Nb5 Qb6 12. Nc3 Nc6 13. Bf3 d4 14. Na4 Qb4 15. Bxc6 bxc6 16. Nac5 e5 17. c3 Qc4 18. cxd4 exd4 19. exd4 Ng4 20. h3 Nf6 21. Be3 Nd5 22. Nd2 Qb5 23. Ncb3 a5 24. Rb1 a4 25. Na1 Nb4 26. Nf3 Nxa2 27. b4 Nc3 28. Qc2 Nxb1 29. Rxb1 Bf5 30. Qb2 Bxb1 31. Qxb1 a3 32. Qa2 Qxb4 33. Bd2 Qb2 34. Qc4 Qxa1+ 35. Kh2 Qb2 36. Ng5 Qb7 37. Bc3 h6 38. Nf3 a2 39. Ne5 Bxe5+ 40. dxe5 a1Q 0-1

[Event "GER-chT U10"]
[Site "Magdeburg"]
[Date "2014.12.28"]
[Round "3.1"]
[White "Wang, Xinyuan1111"]
[Black "Hiller, Klemens"]
[Result "0-1"]
[WhiteElo "1251"]
[BlackElo "1165"]
[PlyCount "120"]
[EventDate "2014.12.27"]
[EventType "team-swiss"]
[EventRounds "7"]
[EventCountry "GER"]
[SourceTitle "EXT 2016"]
[Source "ChessBase"]
[SourceDate "2015.10.08"]
[SourceVersion "1"]
[SourceVersionDate "2015.10.08"]
[SourceQuality "1"]
[WhiteTeam "Hohentuebingen"]
[BlackTeam "Dresden Leuben"]
[WhiteTeamCountry "GER"]
[BlackTeamCountry "GER"]

1. d4 e6 2. e4 c5 3. c3 Nc6 4. d5 exd5 5. exd5 Nce7 6. Qe2 Nf6 7. d6 Qb6 8. dxe7 Bxe7 9. Qb5 Qe6+ 10. Qe2 Qb6 11. Be3 0-0 12. Nf3 Nd5 13. Ne5 d6 14. Nc4 Qb5 15. Nca3 Qb6 16. Qf3 Qxb2 17. Qxd5 Qxa1 18. Bc1 Be6 19. Qd2 Qxa2 20. Qxa2 Bxa2 21. c4 Bxb1 22. Nxb1 Rfe8 23. Be2 Bf6 24. g4 Bc3+ 25. Kf1 Re6 26. Kg2 Rxe2 27. Be3 Re1 28. Rxe1 Bxe1 29. Bf4 Rd8 30. Na3 a5 31. Nc2 Bb4 32. Ne3 Bd2 33. Kf3 d5 34. Ke2 Bc1 35. Kd1 Bxe3 36. Bxe3 a4 37. Kc2 Re8 38. h3 Re4 39. Kd3 a3 40. Bd2 a2 41. Bc3 Rf4 42. Ke3 Rxc4 43. Bb2 Rc2 44. Ba1 Rc1 45. Bb2 a1Q 46. Bxa1 Rxa1 47. Kd2 Ra3 48. h4 Ra4 49. f3 h6 50. Kc2 Rb4 51. Kc3 d4+ 52. Kd3 Rb3+ 53. Kd2 Rc3 54. h5 b5 55. f4 b4 56. f5 b3 57. g5 b2 58. f6 b1Q 59. fxg7 Qb2+ 60. Ke1 Rc1# 0-1